Stoke City Squad 2016-2017 - Statistics

General Stats
  • This quiz has been taken 12 times
  • The average score is 17 of 28
Answer Stats
# Position Nation Player % Correct
1 GK England Jack Butland
92%
22 FW Switzerland Xherdan Shaqiri
92%
27 FW Spain Bojan Krkić
83%
18 FW Senegal Mame Diouf
83%
10 FW Austria Marko Arnautović
83%
3 DF Netherlands Erik Pieters
75%
2 DF Scotland Phil Bardsley
75%
17 DF England Ryan Shawcross
75%
4 MF Wales Joe Allen
67%
5 DF Spain Marc Muniesa
67%
32 FW Egypt Ramadan Sobhi
67%
7 MF Ireland Stephen Ireland
67%
16 MF Scotland Charlie Adam
58%
20 DF United States Geoff Cameron
58%
14 MF Netherlands Ibrahim Afellay
58%
19 FW Ireland Jonathan Walters
58%
- Coach Wales Mark Hughes
58%
25 FW England Peter Crouch
58%
9 FW Burundi Saido Berahino
58%
6 MF Ireland Glenn Whelan
50%
33 GK England Lee Grant
50%
24 GK Ireland Shay Given
50%
12 FW Ivory Coast Wilfried Bony
50%
15 DF Netherlands Bruno Martins Indi
42%
21 MF France Giannelli Imbula
42%
8 DF England Glen Johnson
42%
35 GK Austria Daniel Bachmann
33%
29 GK Denmark Jakob Haugaard
17%
No matching quizzes found
Score Distribution
Percent of People with Each Score
Percentile by Number Answered
Your Score History
You have not taken this quiz